[Event "N1 Reykjavik Open 2014"]
[Site "Reykjavik, Iceland"]
[Date "2014.03.07"]
[Round "5.25"]
[White "Djurhuus, Rune"]
[Black "Kenney, Jason"]
[Result "1/2-1/2"]
[WhiteElo "2447"]
[BlackElo "2124"]
[EventDate "2014.03.04"]
[PlyCount "85"]

1.d4 Nf6 2.Nf3 d5 3.c4 c6 4.cxd5 cxd5 5.Nc3 Nc6 6.Bf4 a6 7.e3 Bg4 8.h3 
Bxf3 9.Qxf3 e6 10.Bd3 Bd6 11.O-O O-O 12.Rac1 Bxf4 13.Qxf4 Qa5 14.a3 Rfe8 
15.Rc2 Rad8 16.Rd1 Ne7 17.Ra1 Nc6 18.Rac1 h6 19.Be2 Rd7 20.Nb1 Qd8 21.Nd2 
e5 22.dxe5 Nxe5 23.Nb3 Qe7 24.Nd4 Ne4 25.Rc8 Red8 26.Nf3 Nxf3+ 27.Bxf3 Ng5
28.Bg4 Ne6 29.Qe5 Kf8 30.Bxe6 fxe6 31.Rxd8+ Rxd8 32.Rc7 Rd7 33.Rc8+ Kf7 
34.f4 Rd8 35.Rc2 Rd7 36.f5 exf5 37.Qxf5+ Ke8 38.Qg6+ Kd8 39.Qb6+ Ke8 40.h4
d4 41.Qg6+ Kd8 42.Qb6+ Ke8 43.Qg6+ 1/2-1/2

[Event "Reykjavik Open 2014"]
[Site "Harpa - reykjavik"]
[Date "2014.03.07"]
[Round "5.26"]
[White "Kristinsson, Jon"]
[Black "Browne, Walter S"]
[Result "0-1"]
[WhiteElo "2290"]
[BlackElo "2444"]
[EventDate "2014.??.??"]
[PlyCount "80"]

1.d4 Nf6 2.c4 e6 3.Nc3 Bb4 4.f3 d5 5.a3 Bxc3+ 6.bxc3 c5 7.cxd5 Nxd5 8.dxc5
Qa5 9.e4 Nc7 10.Be3 O-O 11.Qb3 Nba6 12.Bc4 e5 13.Ne2 Be6 14.Kf2 Nxc5 15.
Qb4 Qxb4 16.axb4 Nxe4+ 17.fxe4 Bxc4 18.Rxa7 Rxa7 19.Bxa7 Nb5 20.Be3 Ra8 
21.Kf3 Ra3 22.Rc1 Bxe2+ 23.Kxe2 Nxc3+ 24.Kf3 f6 25.g4 Rb3 26.h4 Kf7 27.Kg2
Ke6 28.Kf3 g6 29.h5 gxh5 30.gxh5 b5 31.Ra1 Nxe4 32.Kxe4 f5+ 33.Kf3 f4 34.
Ra7 Rxe3+ 35.Kf2 e4 36.Rxh7 Rf3+ 37.Ke2 Rh3 38.h6 Rh2+ 39.Ke1 f3 40.Rh8 
Kf7 0-1

[Event "N1 Reykjavik Open 2014"]
[Site "Reykjavik, Iceland"]
[Date "2014.03.07"]
[Round "5.27"]
[White "Thorhallsson, Throstur"]
[Black "Petursson, Gudni"]
[Result "1-0"]
[WhiteElo "2435"]
[BlackElo "2104"]
[EventDate "2014.03.04"]
[PlyCount "0"]

1.c4 c6 2.e4 d5 3.exd5 cxd5 4.d4 Nf6 5.Nf3 e6 6.Nc3 Be7 7.Bd3 dxc4 8.Bxc4 
O-O 9.O-O Nbd7 10.Qe2 Nb6 11.Bb3 Nbd5 12.Ne5 Bd7 13.Re1 Bc6 14.Bg5 Nxc3 
15.bxc3 Nd5 16.Bd2 Bf6 17.Rad1 Bxe5 18.Qxe5 Qf6 19.Qg3 Qg6 20.Qh3 Nf6 21.
f3 Qh5 22.Qg3 Qg6 23.Qf2 Nd5 24.Re5 h6 25.Rde1 b5 26.Bc1 Rfe8 27.Bc2 Qf6 
28.R1e4 Rac8 29.Rg4 Bd7 30.Rh5 e5 31.Rxh6 Qxh6 32.Bxh6 Bxg4 33.Qg3 gxh6 
34.Qxg4+ Kf8 35.Bb3 Nb6 36.Qh5 Nc4 37.Qxh6+ Kg8 38.Bc2 Rc7 39.Bh7+ Kh8 40.
Bf5+ Kg8 41.d5 1-0

[Event "N1 Reykjavik Open 2014"]
[Site "Reykjavik, Iceland"]
[Date "2014.03.07"]
[Round "5.29"]
[White "Grant, Jonathan I M"]
[Black "Porper, Edward"]
[Result "1/2-1/2"]
[WhiteElo "2255"]
[BlackElo "2427"]
[EventDate "2014.03.04"]
[PlyCount "85"]

1.c4 c6 2.g3 d5 3.Nf3 Nf6 4.Bg2 Bf5 5.cxd5 cxd5 6.Qb3 Qc7 7.Nc3 e6 8.d3 
Nc6 9.Bf4 Qd7 10.O-O Be7 11.e4 dxe4 12.dxe4 Nxe4 13.Nxe4 Bxe4 14.Ne5 Nxe5 
15.Bxe4 Nc6 16.Rfd1 Qc8 17.Rac1 O-O 18.Qc2 h6 19.Bxc6 bxc6 20.Qxc6 Qxc6 
21.Rxc6 a5 22.Rd7 Bf6 23.b3 Rfc8 24.Rxc8+ Rxc8 25.Bc7 Bc3 26.Kf1 Bb4 27.
Ke2 Kf8 28.Rd8+ Rxd8 29.Bxd8 Ke8 30.Bb6 Kd7 31.Kd3 Kc6 32.Bd4 f6 33.Kc4 
Bd6 34.Bc3 Kb6 35.a4 h5 36.h3 Bc7 37.Bd4+ Kc6 38.Bc5 f5 39.b4 axb4 40.Kxb4
g5 41.Kc4 g4 42.hxg4 hxg4 43.Be3 1/2-1/2

[Event "Reykjavik Open 2014"]
[Site "Harpa - reykjavik"]
[Date "2014.03.07"]
[Round "5.30"]
[White "Liang, Awonder"]
[Black "Tania, Sachdev"]
[Result "0-1"]
[WhiteElo "2237"]
[BlackElo "2423"]
[EventDate "2014.??.??"]
[PlyCount "74"]
[TimeControl "6000+1685"]
[WhiteClock "0:02:46"]
[BlackClock "0:05:33"]

1.e4 e5 2.Nf3 Nc6 3.d4 exd4 4.Nxd4 Nf6 5.Nxc6 bxc6 6.e5 Qe7 7.Qe2 Nd5 8.c4
Ba6 9.b3 g5 10.g3 Bg7 11.Bb2 O-O-O 12.Nd2 Nb4 13.Kd1 c5 14.Bg2 Bb7 15.
Bxb7+ Kxb7 16.a3 Nc6 17.Kc2 Bxe5 18.Rae1 Rhe8 19.Bxe5 f6 20.f4 fxe5 21.Qg2
gxf4 22.gxf4 Qf6 23.Ne4 Qf5 24.Qg5 Nd4+ 25.Kc3 exf4 26.Qxf5 Nxf5 27.Nxc5+ 
Kc8 28.Nd3 f3 29.Rhf1 Nh4 30.Kd4 d6 31.Rxe8 Rxe8 32.Ne1 f2 33.Nd3 Nf5+ 34.
Kc3 Ne3 35.Rxf2 Nd1+ 36.Kd2 Nxf2 37.Nxf2 Rg8 0-1

[Event "N1 Reykjavik Open 2014"]
[Site "Reykjavik, Iceland"]
[Date "2014.03.07"]
[Round "5.31"]
[White "Dolzhikova, Olga"]
[Black "Shoker, Samy"]
[Result "0-1"]
[WhiteElo "2212"]
[BlackElo "2466"]
[EventDate "2014.03.04"]
[PlyCount "0"]

1.e4 g6 2.d4 Bg7 3.Nc3 d6 4.f4 a6 5.Nf3 b5 6.Be3 Bb7 7.Bd3 b4 8.Ne2 Nf6 9.
Ng3 Nbd7 10.h3 c5 11.c3 bxc3 12.bxc3 Qa5 13.Bd2 O-O 14.O-O c4 15.Bc2 e5 
16.f5 exd4 17.cxd4 c3 18.Bf4 Rfe8 19.fxg6 hxg6 20.Re1 Nb6 21.Bxd6 Nc4 22.
Bf4 Rad8 23.Kh1 Nd2 24.Nxd2 cxd2 25.Bxd2 Qc7 26.e5 Rxd4 27.Ba5 Qc6 28.Qe2 
Rxe5 29.Qf2 Rxa5 30.Rab1 Rxa2 31.Rxb7 Rxc2 32.Rb8+ Kh7 33.Ne2 Re4 34.Rb6 
Rcxe2 35.Rxe2 Qc1+ 36.Kh2 Qc7+ 0-1

[Event "N1 Reykjavik Open 2014"]
[Site "Reykjavik, Iceland"]
[Date "2014.03.07"]
[Round "5.32"]
[White "Pavlovic, Milos"]
[Black "Teitsson, Magnus"]
[Result "1-0"]
[WhiteElo "2506"]
[BlackElo "2207"]
[EventDate "2014.03.04"]
[PlyCount "45"]

1.g3 d5 2.Nf3 Nf6 3.Bg2 g6 4.c4 c6 5.Qa4 a6 6.cxd5 b5 7.Qb3 cxd5 8.O-O Nc6
9.d4 Bg7 10.Bf4 O-O 11.Rc1 Qb6 12.e3 Be6 13.Ne5 Na5 14.Qb4 Rac8 15.Nc3 Qd8
16.a4 Nc4 17.axb5 axb5 18.Nxb5 Qb6 19.Nxc4 dxc4 20.Qa5 Qxa5 21.Rxa5 Rfd8 
22.Na7 Nd5 23.Bxd5 1-0

[Event "N1 Reykjavik Open 2014"]
[Site "Reykjavik, Iceland"]
[Date "2014.03.07"]
[Round "5.33"]
[White "Steindorsson, Sigurdur P."]
[Black "Galego, Luis"]
[Result "1/2-1/2"]
[WhiteElo "2215"]
[BlackElo "2463"]
[EventDate "2014.03.04"]
[PlyCount "0"]

1.c4 e5 2.Nc3 Nf6 3.g3 Bb4 4.Bg2 c6 5.Nf3 d6 6.O-O O-O 7.d3 Qe7 8.h3 Rd8 
9.Qb3 Ba5 10.Bg5 Nbd7 11.Ne4 h6 12.Nxf6+ Nxf6 13.Bd2 Bxd2 14.Nxd2 d5 15.
cxd5 cxd5 16.d4 e4 17.Rfc1 Rd6 18.Rc3 Rb6 19.Qc2 Bd7 20.a3 h5 21.Nf1 Qd6 
22.Qd2 g6 23.Rac1 Kg7 24.h4 a5 25.f3 exf3 26.exf3 Re8 27.Kf2 Rb5 28.Ne3 
Qb6 29.R1c2 a4 30.Bf1 Rb3 31.Rxb3 Qxb3 32.Rc5 Bc6 33.Ng2 Nd7 34.Rc3 Qb6 
35.Nf4 Re7 36.Be2 Nf8 37.Rc5 Qd8 38.Bb5 Nd7 39.Nxh5+ Kh7 40.Bxc6 Nxc5 41.
Nf6+ Kg7 42.Nh5+ Kh7 43.Nf6+ Kg7 44.Nh5+ 1/2-1/2

[Event "N1 Reykjavik Open 2014"]
[Site "Reykjavik, Iceland"]
[Date "2014.03.07"]
[Round "5.34"]
[White "Schou-Moldt, Thomas"]
[Black "Kjartansson, Gudmundur"]
[Result "0-1"]
[WhiteElo "2191"]
[BlackElo "2441"]
[EventDate "2014.03.04"]
[PlyCount "0"]

1.e4 d6 2.d4 Nf6 3.Nc3 g6 4.Be3 a6 5.h3 Bg7 6.Qd2 b5 7.Bd3 Bb7 8.f3 Nbd7 
9.a4 b4 10.Nd1 c5 11.c3 cxd4 12.cxd4 a5 13.Ne2 O-O 14.O-O Rc8 15.Nf2 e5 
16.Bh6 exd4 17.Bxg7 Kxg7 18.Bb5 d5 19.Rad1 dxe4 20.fxe4 Ne5 21.Qf4 Qe7 22.
Nxd4 h6 23.Nb3 Ra8 24.Qh4 Ba6 25.Nd4 Bxb5 26.Nxb5 Rfd8 27.Qg3 Rac8 28.Rxd8
Rxd8 29.Rc1 Rd2 30.b3 Qe6 31.Qe3 Rxf2 32.Qxf2 Nd3 33.Nc7 Qxe4 34.Qd2 Nxc1 
35.Qxc1 Qd4+ 36.Kh1 Qc3 37.Qf4 Qxb3 38.Qd4 Qxa4 39.Qa7 Qa1+ 40.Kh2 Qe5+ 
0-1

[Event "N1 Reykjavik Open 2014"]
[Site "Reykjavik, Iceland"]
[Date "2014.03.07"]
[Round "5.35"]
[White "L'ami, Alina"]
[Black "Kazmaier, Daniel"]
[Result "1-0"]
[WhiteElo "2398"]
[BlackElo "2187"]
[EventDate "2014.03.04"]
[PlyCount "75"]

1.d4 Nf6 2.c4 e6 3.Nc3 Bb4 4.e3 c5 5.Ne2 d6 6.a3 Ba5 7.g3 O-O 8.Bg2 Nc6 9.
O-O e5 10.d5 Ne7 11.e4 Ne8 12.f4 f5 13.fxe5 dxe5 14.Be3 b6 15.Na2 Qd6 16.
b4 cxb4 17.axb4 Bxb4 18.Nxb4 Qxb4 19.c5 Bb7 20.Qc2 Qb5 21.Rab1 Qd7 22.c6 
Nxc6 23.dxc6 Bxc6 24.exf5 Bxg2 25.Kxg2 Nd6 26.Qb3+ Kh8 27.Qd5 Qe7 28.Rbd1 
Rad8 29.Qe6 Qb7+ 30.Kh3 Qe4 31.Rxd6 Qxe3 32.Rxd8 Rxd8 33.f6 Qh6+ 34.Kg2 
gxf6 35.Rxf6 Qe3 36.Rf2 Qe4+ 37.Kh3 Rg8 38.Rf7 1-0

[Event "N1 Reykjavik Open 2014"]
[Site "Reykjavik, Iceland"]
[Date "2014.03.07"]
[Round "5.36"]
[White "Hellwig, Tobias"]
[Black "Bagi, Mate"]
[Result "0-1"]
[WhiteElo "2180"]
[BlackElo "2385"]
[EventDate "2014.03.04"]
[PlyCount "0"]

1.d4 Nf6 2.g3 g6 3.Bg2 d5 4.Nf3 Bg7 5.O-O O-O 6.Nbd2 c5 7.dxc5 Qc7 8.Nb3 
e5 9.Bg5 Be6 10.Qc1 a5 11.a4 Re8 12.Bxf6 Bxf6 13.Ng5 Bxg5 14.Qxg5 Nd7 15.
f4 f6 16.Qh4 e4 17.g4 Bf7 18.Kh1 Ra6 19.Qf2 Rc8 20.f5 g5 21.c4 dxc4 22.Nd2
Nxc5 23.Nxe4 Nxe4 24.Bxe4 Rb6 25.Qd4 Rd8 26.Qc3 Re8 27.Bf3 Qe5 28.Rab1 Rb4
29.Rfd1 Rxa4 30.Qxe5 Rxe5 31.Rd8+ Kg7 32.Rd7 Rb4 33.Rbd1 Kf8 34.R1d2 Re7 
35.Rd8+ Kg7 36.Kg2 Rb3 37.Rb8 Rc7 38.h4 h6 39.hxg5 hxg5 40.Kf2 a4 41.Bd5 
Rxb2 42.Rxb2 Bxd5 43.Ke3 c3 44.Rc2 Bb3 45.Rc1 c2 46.Kd2 a3 47.Rd8 a2 48.
Rd3 Ba4 49.Ra3 Rc4 50.Rxa2 Rxg4 51.Ra3 Rc4 52.Rc3 Rxc3 53.Kxc3 g4 54.Kb4 
Bc6 55.Rxc2 Kh6 56.Kc3 Kg5 57.Kd2 g3 58.Ke1 Kxf5 59.Rc3 g2 60.Kf2 Ke5 61.
Rc4 f5 62.Rb4 Be4 63.Rb6 Kd4 64.Rd6+ Kc3 65.Rb6 Kc4 66.Rg6 b5 67.Ke1 b4 
68.Kd2 b3 69.Kc1 Kd4 70.Rg3 f4 71.Rg4 Ke3 72.Kb2 Bd5 0-1

[Event "N1 Reykjavik Open 2014"]
[Site "Reykjavik, Iceland"]
[Date "2014.03.07"]
[Round "5.37"]
[White "Bjerke, Richard"]
[Black "Devereaux, Maxim L"]
[Result "1/2-1/2"]
[WhiteElo "2162"]
[BlackElo "2345"]
[EventDate "2014.03.04"]
[PlyCount "0"]

1.e4 c5 2.Nf3 d6 3.d4 cxd4 4.Nxd4 Nf6 5.Nc3 a6 6.Be2 e5 7.Nb3 Be7 8.O-O 
Be6 9.f4 Qc7 10.Kh1 Nbd7 11.Be3 b5 12.a4 b4 13.Nd5 Bxd5 14.exd5 O-O 15.Rc1
Nb6 16.c4 bxc3 17.Rxc3 Qd8 18.Bxb6 Qxb6 19.Rc6 Qb4 20.Rc4 Qb8 21.Na5 Bd8 
22.Nc6 Qxb2 23.Rb4 Qc3 24.Rc4 Qb2 25.Rb4 Qc3 26.Rc4 Qb2 27.g3 1/2-1/2

[Event "N1 Reykjavik Open 2014"]
[Site "Reykjavik, Iceland"]
[Date "2014.03.07"]
[Round "5.38"]
[White "Bongartz, Philipp"]
[Black "Klundt, Klaus"]
[Result "1/2-1/2"]
[WhiteElo "2143"]
[BlackElo "2341"]
[EventDate "2014.03.04"]
[PlyCount "0"]

1.e4 c5 2.Nf3 Nc6 3.d4 cxd4 4.Nxd4 Qb6 5.Nb3 Nf6 6.Nc3 e6 7.Bd3 Be7 8.Be3 
Qc7 9.f4 d6 10.O-O a6 11.Nd4 O-O 12.Kh1 Nxd4 13.Bxd4 e5 14.Bg1 exf4 15.
Rxf4 Be6 16.Nd5 Bxd5 17.exd5 g6 18.c4 Nd7 19.Qf1 Bg5 20.Re4 Bf6 21.Rb1 a5 
22.b3 Be5 23.a3 Rae8 24.b4 axb4 25.axb4 b6 26.Rc1 Bg7 27.Rxe8 Rxe8 28.Re1 
Rxe1 29.Qxe1 Be5 30.Qe2 Qa7 31.Qc2 Qa1 32.Qb1 Qxb1 33.Bxb1 Bc3 34.Bd3 Bxb4
35.Bd4 Bc5 36.Bc3 h5 37.g3 Ne5 38.Be2 Kf8 39.Kg2 Ke7 40.h3 Be3 41.g4 hxg4 
42.hxg4 Bg5 43.Bd4 Nd7 44.Bd1 Bd2 45.Kg3 Bb4 46.Be2 Bc5 47.Bc3 Be3 48.Kf3 
Bg5 49.Bd4 Kd8 50.Ke4 Kc7 51.Kd3 Bf4 52.Ke4 Be5 53.Be3 b5 54.cxb5 Nf6+ 55.
Kf3 Nxd5 56.Bc4 Nxe3 57.Kxe3 f5 58.g5 Bb2 59.Bf7 Bc1+ 60.Kd4 Bxg5 61.Bxg6 
f4 62.Kd5 f3 63.b6+ 1/2-1/2

[Event "N1 Reykjavik Open 2014"]
[Site "Reykjavik, Iceland"]
[Date "2014.03.07"]
[Round "5.39"]
[White "Antal, Tibor Kende"]
[Black "Berg, Runar"]
[Result "1-0"]
[WhiteElo "2325"]
[BlackElo "2117"]
[EventDate "2014.03.04"]
[PlyCount "47"]

1.e4 e5 2.Nf3 Nc6 3.Bb5 f5 4.Nc3 fxe4 5.Nxe4 Nf6 6.Nxf6+ gxf6 7.d4 Bg7 8.
dxe5 Qe7 9.O-O Nxe5 10.Nh4 O-O 11.Nf5 Qf7 12.Bh6 d5 13.Bxg7 Bxf5 14.Bxf8 
Rxf8 15.f4 Ng4 16.Qd2 Be4 17.f5 Qe7 18.Bd3 Qc5+ 19.Kh1 Qd4 20.Rae1 Kh8 21.
h3 Rg8 22.Qf4 Bxg2+ 23.Kxg2 Nf2+ 24.Kf3 1-0

[Event "N1 Reykjavik Open 2014"]
[Site "Reykjavik, Iceland"]
[Date "2014.03.07"]
[Round "5.40"]
[White "Englert, Fabian"]
[Black "Johannesson, Oliver"]
[Result "1/2-1/2"]
[WhiteElo "2317"]
[BlackElo "2115"]
[EventDate "2014.03.04"]
[PlyCount "0"]

1.c4 c6 2.Nf3 d5 3.g3 Nf6 4.Bg2 Bf5 5.cxd5 cxd5 6.Qb3 Nc6 7.Qxb7 Bd7 8.Qb3
Rb8 9.Qd1 e5 10.d4 Bb4+ 11.Kf1 exd4 12.Bf4 Rc8 13.Nbd2 d3 14.exd3 O-O 15.
h3 Bxd2 16.Qxd2 Qb6 17.Bd6 Rfd8 18.Kg1 Bf5 19.Ba3 Ne4 20.dxe4 dxe4 21.Qf4 
exf3 22.Bxf3 Nd4 23.Kg2 Nxf3 24.Qxf3 Bd7 25.Rac1 Bc6 26.Rxc6 Rxc6 27.Re1 
Rf6 28.Qe3 Re6 29.Qxb6 axb6 30.Rc1 h6 31.Bb4 Re2 32.Bc3 g5 33.Kf3 Re6 34.
a4 Rd5 35.g4 Kh7 36.Ra1 Kg6 37.a5 bxa5 38.Bxa5 Rd4 39.Bc3 Rf4+ 40.Kg3 h5 
41.gxh5+ Kxh5 42.Bd2 Rf5 43.b4 Rd5 44.Be3 f5 45.Bc5 f4+ 46.Kg2 g4 47.Ra3 
Re1 48.hxg4+ Kxg4 49.Rb3 Red1 50.f3+ Kf5 51.Bf2 R5d3 52.Rxd3 Rxd3 53.b5 
Rb3 54.b6 Rb2 55.Kf1 Ke5 56.Bc5 Kd5 57.Bf2 Kc4 58.Bg1 Kd3 59.Bc5 Rb5 60.
Bg1 Rb1+ 61.Kg2 Rc1 62.Bh2 Rc2+ 63.Kh3 Ke3 64.b7 Rb2 65.Kg4 Rxb7 66.Bxf4+ 
1/2-1/2

[Event "N1 Reykjavik Open 2014"]
[Site "Reykjavik, Iceland"]
[Date "2014.03.07"]
[Round "5.41"]
[White "Gislason, Gudmundur"]
[Black "Bergsson, Stefan"]
[Result "1-0"]
[WhiteElo "2314"]
[BlackElo "2099"]
[EventDate "2014.03.04"]
[PlyCount "85"]

1.Nf3 e6 2.c4 c5 3.g3 g5 4.d4 g4 5.Ne5 cxd4 6.Nxg4 Nc6 7.f4 f5 8.Nf2 d5 9.
Bg2 dxc4 10.O-O Nf6 11.Qa4 Bd7 12.Qxc4 Rc8 13.Na3 Bxa3 14.bxa3 b5 15.Qxb5 
O-O 16.Qd3 Qa5 17.Bd2 Qa4 18.Rfc1 Nd5 19.Rc4 Ne5 20.Rxa4 Nxd3 21.Rxd4 Nxf2
22.Kxf2 Bc6 23.Rc1 Bb7 24.Ra4 Rxc1 25.Bxc1 Nc3 26.Rxa7 Bxg2 27.Kxg2 Rc8 
28.Bb2 Ne4 29.Rg7+ Kf8 30.Rb7 Rc2 31.Bg7+ Kg8 32.Rb2 Rc4 33.Be5 Kf7 34.
Rb7+ Kg6 35.Rg7+ Kh6 36.Re7 Rc2 37.Rxe6+ Kh5 38.h3 Rxa2 39.Kf3 Rxa3+ 40.e3
Nd2+ 41.Ke2 Ne4 42.Bg7 Ra2+ 43.Ke1 1-0

[Event "N1 Reykjavik Open 2014"]
[Site "Reykjavik, Iceland"]
[Date "2014.03.07"]
[Round "5.42"]
[White "Bjarnason, Saevar"]
[Black "Ekeberg, Carl Fredrik"]
[Result "0-1"]
[WhiteElo "2101"]
[BlackElo "2303"]
[EventDate "2014.03.04"]
[PlyCount "72"]

1.e4 c6 2.d4 d5 3.exd5 cxd5 4.c4 Nf6 5.Nc3 g6 6.cxd5 Nxd5 7.Bc4 Nb6 8.Bb3 
Bg7 9.Nge2 O-O 10.O-O Nc6 11.Be3 Na5 12.Bc2 Nac4 13.Bc1 Nd6 14.Bf4 Nf5 15.
d5 Bd7 16.a4 Rc8 17.Qb1 Nc4 18.Qa2 a5 19.Bd3 Ncd6 20.Qb3 e5 21.dxe6 Bxe6 
22.Qa3 Nc4 23.Bxc4 Rxc4 24.Rad1 Qb6 25.Bc1 Rcc8 26.Nd5 Bxd5 27.Rxd5 Rfd8 
28.Rb5 Qe6 29.Nf4 Qe4 30.g3 Bf8 31.Qb3 Nd4 32.f3 Nxb3 33.fxe4 Nxc1 34.Rxb7
Nd3 35.Nd5 Ne5 36.Kg2 Rb8 0-1

[Event "N1 Reykjavik Open 2014"]
[Site "Reykjavik, Iceland"]
[Date "2014.03.07"]
[Round "5.43"]
[White "Bekker-Jensen, David"]
[Black "Sielicki, Tomasz"]
[Result "1-0"]
[WhiteElo "2299"]
[BlackElo "2019"]
[EventDate "2014.03.04"]
[PlyCount "85"]

1.d4 d6 2.Nf3 g6 3.c4 Bg7 4.Nc3 Bg4 5.e3 c5 6.d5 Bxc3+ 7.bxc3 e5 8.h3 Bxf3
9.Qxf3 Nd7 10.e4 h5 11.Rb1 b6 12.Bd3 h4 13.Bc2 Ngf6 14.g3 Nh5 15.Ba4 Kf8 
16.g4 Nf4 17.Bxf4 exf4 18.Bxd7 Qxd7 19.Qxf4 Kg7 20.Kd2 Rhe8 21.g5 Re5 22.
Qf6+ Kg8 23.Kd3 Rae8 24.f3 Qe7 25.Qxe7 R5xe7 26.Rhg1 Kg7 27.Rg4 Rh8 28.
Rbg1 Re5 29.a4 Re7 30.Rb1 f5 31.gxf6+ Kxf6 32.Rbg1 Rh6 33.f4 Rg7 34.Rg5 
Rf7 35.e5+ Kg7 36.e6 Rxf4 37.R5g4 Rf3+ 38.Kc2 Rxh3 39.Rf1 Re3 40.Rf7+ Kg8 
41.a5 bxa5 42.Rg1 h3 43.Rb1 1-0

[Event "N1 Reykjavik Open 2014"]
[Site "Reykjavik, Iceland"]
[Date "2014.03.07"]
[Round "5.44"]
[White "Zhang, Fan"]
[Black "Constantinou, Peter"]
[Result "1/2-1/2"]
[WhiteElo "2104"]
[BlackElo "2270"]
[EventDate "2014.03.04"]
[PlyCount "0"]

1.d4 Nf6 2.Nf3 d5 3.c4 c6 4.Nc3 a6 5.c5 Nbd7 6.Bf4 Nh5 7.Bd2 g6 8.g3 Bg7 
9.Bg2 O-O 10.O-O f5 11.Qc1 e5 12.dxe5 Re8 13.Bh6 Bh8 14.Rd1 Nxe5 15.Be3 
Qe7 16.b4 a5 17.a3 Ng4 18.Bd4 Bxd4 19.Nxd4 axb4 20.axb4 Rxa1 21.Qxa1 f4 
22.Qc1 Rf8 23.Nf3 Ne5 24.Nxe5 Qxe5 25.Qd2 Be6 26.Qd4 Qg5 27.Nb1 Bg4 28.Qd3
Bf5 29.Qc3 fxg3 30.hxg3 Bxb1 31.Rxb1 Rxf2 32.Kxf2 Qf5+ 33.Bf3 Qxb1 34.Bxh5
gxh5 35.Qe5 Qxb4 36.Qg5+ Kf8 37.Qf6+ Ke8 38.Qe6+ Kd8 39.Qd6+ Kc8 40.Qf8+ 
Kc7 1/2-1/2

[Event "N1 Reykjavik Open 2014"]
[Site "Reykjavik, Iceland"]
[Date "2014.03.07"]
[Round "5.45"]
[White "Fehr, Axel"]
[Black "Kvisvik, Brede"]
[Result "0-1"]
[WhiteElo "2101"]
[BlackElo "2257"]
[EventDate "2014.03.04"]
[PlyCount "0"]

1.c4 e5 2.g3 Nf6 3.Bg2 d5 4.cxd5 Nxd5 5.Nf3 Nc6 6.O-O Nb6 7.Nc3 Be7 8.a3 
O-O 9.d3 Be6 10.Be3 Nd5 11.Nxd5 Bxd5 12.Rc1 a5 13.Qa4 Re8 14.Bc5 Bf6 15.
Rfd1 Nd4 16.Bxd4 exd4 17.Bf1 c6 18.Qc2 a4 19.Qd2 Ra5 20.Qf4 Rb5 21.Qd2 Qb6
0-1

[Event "N1 Reykjavik Open 2014"]
[Site "Reykjavik, Iceland"]
[Date "2014.03.07"]
[Round "5.46"]
[White "Wengler, Joerg"]
[Black "Olafsson, Thorvardur"]
[Result "1-0"]
[WhiteElo "2080"]
[BlackElo "2254"]
[EventDate "2014.03.04"]
[PlyCount "71"]

1.e4 e5 2.Nf3 Nc6 3.d4 exd4 4.Nxd4 Nf6 5.Nc3 Bb4 6.Nxc6 bxc6 7.Bd3 d5 8.e5
Ng4 9.Bf4 f6 10.O-O O-O 11.exf6 Qxf6 12.Bg3 Bd6 13.Be2 Nh6 14.Qd2 Nf5 15.
Bxd6 cxd6 16.Bd3 Nh4 17.f3 Rb8 18.b3 Rb4 19.Nxd5 Qd4+ 20.Kh1 cxd5 21.a3 
Bh3 22.gxh3 Nxf3 23.Qxb4 Qe5 24.Rxf3 Qxa1+ 25.Kg2 Rxf3 26.Kxf3 Qh1+ 27.Ke3
Qxh2 28.Qb8+ Kf7 29.Qxa7+ Ke6 30.Qxg7 d4+ 31.Kf3 Qxh3+ 32.Qg3 Qh1+ 33.Qg2 
Qh6 34.Qg4+ Kd5 35.Qe4+ Kc5 36.b4+ 1-0

[Event "N1 Reykjavik Open 2014"]
[Site "Reykjavik, Iceland"]
[Date "2014.03.07"]
[Round "5.47"]
[White "Pupols, Viktors"]
[Black "Kernazhitsky, Leonid"]
[Result "1/2-1/2"]
[WhiteElo "2049"]
[BlackElo "2249"]
[EventDate "2014.03.04"]
[PlyCount "0"]

1.d4 d5 2.c4 dxc4 3.e3 Nf6 4.Bxc4 a6 5.Nc3 e6 6.Nf3 c5 7.O-O b5 8.Be2 Bb7 
9.dxc5 Qxd1 10.Rxd1 Bxc5 11.a3 Nbd7 12.Bd2 Rc8 13.Be1 Ke7 14.Nd2 Rhd8 15.
Bf3 Bxf3 16.Nxf3 Nb6 17.Rxd8 Rxd8 18.Rd1 Rxd1 19.Nxd1 Nc4 20.Kf1 e5 21.Bc3
Bd6 22.Nd2 Nxd2+ 23.Bxd2 Ke6 24.Nc3 Nd5 25.e4 Nb6 26.Ke2 Bc5 27.Nd1 Nc4 
28.Kd3 f5 29.f3 Bd4 30.Bc3 Bg1 31.h3 f4 32.a4 Bc5 33.axb5 axb5 34.b3 Nb6 
35.Be1 Nd7 36.Nc3 Bb4 37.Bf2 Bxc3 38.Kxc3 Kd6 39.Kb4 Kc6 40.Kc3 Nf8 41.Kd3
Ne6 42.Kc3 Nc5 43.g4 Ne6 44.h4 g6 45.Bg1 h5 46.g5 Nd8 47.Bf2 Ne6 48.Bg1 
1/2-1/2

[Event "N1 Reykjavik Open 2014"]
[Site "Reykjavik, Iceland"]
[Date "2014.03.07"]
[Round "5.48"]
[White "Haldorsen, Benjamin"]
[Black "Langer, Michael"]
[Result "1-0"]
[WhiteElo "1994"]
[BlackElo "2248"]
[EventDate "2014.03.04"]
[PlyCount "111"]

1.e4 c5 2.Nf3 d6 3.d4 cxd4 4.Nxd4 Nf6 5.Nc3 a6 6.Be3 e5 7.Nb3 Be7 8.f3 Be6
9.Qd2 O-O 10.O-O-O b5 11.g4 b4 12.Nd5 Bxd5 13.exd5 a5 14.Kb1 Nfd7 15.g5 
Nb6 16.h4 a4 17.Nc1 Ra5 18.Qxb4 Nxd5 19.Rxd5 Rxd5 20.Bc4 Qa5 21.Qb7 Rc5 
22.Bxc5 Qxc5 23.Bb5 d5 24.Nd3 Qd6 25.Bxa4 Rd8 26.Re1 f6 27.a3 Nd7 28.Bb3 
Nb6 29.f4 Rb8 30.fxe5 Rxb7 31.exd6 Bxd6 32.gxf6 gxf6 33.Re6 Be7 34.Nf4 Kf7
35.Rc6 Nc4 36.Kc1 Ke8 37.Nxd5 Ne5 38.Nxf6+ Kd8 39.Re6 Nf3 40.Bd5 Nd4 41.
Rd6+ Bxd6 42.Bxb7 h6 43.Nd5 Nf5 44.h5 Ng3 45.a4 Nxh5 46.a5 Nf4 47.a6 Nxd5 
48.Bxd5 Bf4+ 49.Kb1 Be3 50.b4 Kc7 51.c4 Kb6 52.Bb7 Bd2 53.c5+ Ka7 54.b5 
Kb8 55.b6 Be3 56.Bc6 1-0

[Event "N1 Reykjavik Open 2014"]
[Site "Reykjavik, Iceland"]
[Date "2014.03.07"]
[Round "5.49"]
[White "Thorgeirsson, Jon Kristinn"]
[Black "Ptacnikova, Lenka"]
[Result "0-1"]
[WhiteElo "1883"]
[BlackElo "2239"]
[EventDate "2014.03.04"]
[PlyCount "0"]

1.d4 Nf6 2.c4 e6 3.Nf3 c5 4.d5 d6 5.Nc3 e5 6.e4 g6 7.Be2 Bg7 8.O-O O-O 9.
Rb1 Nh5 10.Ne1 Nf4 11.g3 Nxe2+ 12.Qxe2 Bh3 13.Ng2 f5 14.b4 cxb4 15.Rxb4 b6
16.Rb3 Nd7 17.Ba3 Nf6 18.f3 Rf7 19.Nd1 fxe4 20.fxe4 Qc7 21.Nf2 Bd7 22.Ne3 
Raf8 23.Ned1 Ng4 24.Kg2 h5 25.h3 Nf6 26.Nc3 Ne8 27.Nb5 Qb8 28.Qe3 Kh7 29.
Bc1 Rf6 30.Bd2 Qc8 31.Nxa7 Qxc4 32.Qd3 Qc7 33.Nb5 Qc8 34.Na7 Qb7 35.Nb5 
Qa6 36.Na3 b5 37.Be3 Rf3 38.Qe2 h4 39.Bc1 Rxg3+ 40.Rxg3 hxg3 41.Kxg3 Nf6 
42.Kh2 Qa4 43.Rg1 Nh5 44.Nd3 Nf6 45.Nf2 Rc8 46.Qe3 b4 47.Nb1 Qxa2 48.Nd2 
Bh6 49.Qb3 Qxb3 50.Nxb3 Rc2 51.Bxh6 Rxf2+ 52.Rg2 Rxg2+ 53.Kxg2 Kxh6 54.Nd2
Bb5 55.Kf3 Kh5 56.Kg3 Bd3 0-1

[Event "N1 Reykjavik Open 2014"]
[Site "Reykjavik, Iceland"]
[Date "2014.03.07"]
[Round "5.50"]
[White "Stefansson, Vignir Vatnar"]
[Black "Stigar, Petter"]
[Result "1-0"]
[WhiteElo "1844"]
[BlackElo "2237"]
[EventDate "2014.03.04"]
[PlyCount "0"]

1.d4 Nf6 2.c4 e6 3.Nf3 d5 4.e3 Be7 5.Bd3 O-O 6.O-O dxc4 7.Bxc4 c5 8.Nc3 a6
9.a4 Nc6 10.b3 cxd4 11.exd4 Nb4 12.Ba3 Bd7 13.Rc1 Bc6 14.Ne5 Rc8 15.Qe2 
Nbd5 16.Nxc6 Nxc3 17.Nxe7+ Qxe7 18.Bxe7 1-0

[Event "N1 Reykjavik Open 2014"]
[Site "Reykjavik, Iceland"]
[Date "2014.03.07"]
[Round "5.51"]
[White "Teh, Eu Wen Aron"]
[Black "Michalowski, Peter"]
[Result "1-0"]
[WhiteElo "2237"]
[BlackElo "1985"]
[EventDate "2014.03.04"]
[PlyCount "105"]

1.d4 e6 2.c4 Bb4+ 3.Bd2 a5 4.Nf3 d6 5.g3 b6 6.Bg2 Bb7 7.O-O Bxd2 8.Nbxd2 
Nf6 9.Qc2 Qe7 10.e4 e5 11.d5 O-O 12.b3 Bc8 13.Ne1 g5 14.Nd3 Na6 15.a3 Nc5 
16.Nb2 Bg4 17.f3 Bh5 18.b4 Nb7 19.Nd3 Bg6 20.Rfc1 Ra7 21.c5 bxc5 22.bxc5 
dxc5 23.Nc4 Nd7 24.g4 f6 25.Rab1 Nd6 26.a4 Nb6 27.Nxb6 cxb6 28.Rxb6 Rc8 
29.Qf2 Be8 30.Rxc5 Rac7 31.Ra6 Bxa4 32.Raxa5 Rxc5 33.Nxc5 Qc7 34.Rxa4 Qxc5
35.Qxc5 Rxc5 36.Ra6 Ne8 37.Bf1 Rc8 38.Rb6 Rd8 39.Bb5 Nd6 40.Bc6 Kf7 41.Ra6
Nc8 42.Kf2 Ke7 43.Ke2 Rd6 44.Ra8 Rd8 45.Kd3 h6 46.Kc3 Nd6 47.Ra7+ Kf8 48.
Kb4 Nf7 49.Kc5 Rc8 50.Kb6 Nd8 51.Rd7 Nf7 52.Kb7 Rd8 53.Kc7 1-0

[Event "N1 Reykjavik Open 2014"]
[Site "Reykjavik, Iceland"]
[Date "2014.03.07"]
[Round "5.52"]
[White "Soors, Stef"]
[Black "Runarsson, Gunnar"]
[Result "1-0"]
[WhiteElo "2394"]
[BlackElo "2048"]
[EventDate "2014.03.04"]
[PlyCount "0"]

1.e4 c6 2.d4 d5 3.e5 Bf5 4.Nf3 e6 5.Be2 h6 6.O-O Ne7 7.Nbd2 c5 8.c4 dxc4 
9.dxc5 c3 10.Nc4 Qxd1 11.Rxd1 Nd5 12.Nd4 c2 13.Rd2 Bg6 14.Nxc2 Bxc5 15.a3 
O-O 16.b4 Be7 17.g3 Nd7 18.Bb2 Rac8 19.N2e3 Nxe3 20.Nxe3 Nb6 21.Bf3 Na4 
22.Rd7 Bg5 23.Bd4 Rfd8 24.Rxd8+ Rxd8 25.Bxa7 Nc3 26.Bb6 Rd2 27.Bxb7 Nd5 
28.Nxd5 exd5 29.a4 Rb2 30.Bc5 d4 31.a5 d3 32.a6 d2 33.a7 Ra2 34.a8=Q+ Rxa8
35.Bxa8 Bh5 36.f3 1-0